Les surnoms en F1 - Statistiques

Statistiques générales
  • Ce quiz a été pris 124 fois
  • Le résultat moyen est 15 sur 30
Statistiques - réponses
Hint Réponse % Correct
IL Predestinato Charles Leclerc
88%
Mad Max Max Verstappen
88%
Checo Sergio Pérez
88%
Smooth Operator Carlos Sainz
81%
Le Professeur Alain Prost
79%
Iceman Kimi Räikkönen
79%
Billion Dollar Man Lewis Hamilton
79%
Le Taureau des Asturies Fernando Alonso
75%
Magic Ayrton Senna
71%
Baby Schumi Sebastien Vettel
71%
Jos the Boss Jos Verstappen
69%
Britney Nico Rosberg
60%
Le Kaiser / Le Baron Rouge Michael Schumacher
59%
Honey Badger Daniel Ricciardo
58%
The Rat / L'Ordinateur Niki Lauda
54%
Hunt the Shunt James Hunt
51%
El Maestro Juan Manuel Fangio
35%
Crashtor Pastor Maldonado
29%
Monsieur Monaco Graham Hill
28%
The Torpedo Daniil Kvyat
27%
Le Petit Prince Gilles Villeneuve
27%
Rubinho Rubens Barrichello
27%
Mr. Saturday George Russel
26%
Monsieur Frère Ralf Schumacher
26%
Le Kid de Bogota Juan Pablo Montoya
19%
IL Leone Nigel Mansell
19%
Quick Nick Nick Heidfeld
15%
Black Jack Jack Brabham
12%
De Crasheris Andrea De Cesaris
10%
L'Ourson Jody Scheckter
2%
Aucun quiz correspondant
Distribution des résultats
% des personnes avec chaque résultat
Percentile par nombre de réponses
Votre historique - résultats
Vous n’avez pas pris ce quiz